书目信息 |
| 题名: |
基础结晶学与矿物学
|
|
| 作者: | 罗谷风 主编 | |
| 分册: | ||
| 出版信息: | 南京 南京大学出版社 1993.02 |
|
| 页数: | 334页 | |
| 开本: | 16开 | |
| 丛书名: | ||
| 单 册: | ||
| 中图分类: | P573 | |
| 科图分类: | ||
| 主题词: | 矿物学P58 | |
| 电子资源: | ||
| ISBN: | 7-305-01466-4 | |
| 000 | 00560nam0 2200193 45 | |
| 001 | 0009091197 | |
| 005 | 20000909114444.6 | |
| 010 | @a7-305-01466-4@d20.00元 | |
| 100 | @a20000909d1993 km y0chiy0120 ea | |
| 101 | 0 | @achi |
| 105 | @a z 000yy | |
| 200 | 1 | @a基础结晶学与矿物学@AJi Chu Jie Jing Xue Yu Kuang Wu Xue@f罗谷风 主编@FLuo Gu Feng Zhu Bian |
| 210 | @a南京@c南京大学出版社@d1993.02 | |
| 215 | @a334页@d16开 | |
| 606 | 0 | @a矿物学P58 |
| 690 | @aP573@v3 | |
| 701 | 0 | @a罗谷风@4主编 |
| 801 | @aCN@bPftUser@c20000909 | |
| 905 | @b131375-379@dP573@eL241@f5 | |
| 基础结晶学与矿物学/罗谷风 主编.-南京:南京大学出版社,1993.02 |
| 334页;16开 |
| ISBN 7-305-01466-4:20.00元 |
| ● |
| 相关链接 |
|
|
|
正题名:基础结晶学与矿物学
索取号:P573/L241
 
预约/预借
| 序号 | 登录号 | 条形码 | 馆藏地/架位号 | 状态 | 备注 |
| 1 | 131375 | 201313756 | 期刊室512/401自科库 124排1列5层/ [索取号:P573/L241] | 在馆 | |
| 2 | 131376 | 201313765 | 自科库401/401自科库 129排2列4层/ [索取号:P573/L241] | 在馆 | |
| 3 | 131377 | 201313774 | 自科库401/401自科库 68排1列4层/ [索取号:P573/L241] | 在馆 | |
| 4 | 131378 | 201313783 | 自科库401/401自科库 68排1列4层/ [索取号:P573/L241] | 在馆 | |
| 5 | 131379 | 201313792 | 自科库401/401自科库 68排1列4层/ [索取号:P573/L241] | 在馆 |